| 000 | 00682nam a2200217Ia 4500 | ||
|---|---|---|---|
| 003 | IN-BaIIA | ||
| 008 | 211028s9999 xx 000 0 eng d | ||
| 040 | _cIIA Library | ||
| 080 |
_a523.9(082.1) _bKUN |
||
| 100 |
_aKundu, M. R. _94801 |
||
| 245 | 0 |
_aSolar terrestrial physics _cM. R. Kundu…[et al.] |
|
| 260 |
_aNew Delhi _bNational Physical Laboratory _c1986 |
||
| 300 | _axxi, 533p. | ||
| 650 | _aAstronomy and Astrophysics Thesaurus | ||
| 650 |
_aSolar Planetary Relations _91464 |
||
| 650 | _aSolar system | ||
| 700 |
_aBiswas, S _911573 |
||
| 700 |
_aRamadurai, S. _911575 |
||
| 700 |
_aReddy, B. M _915449 |
||
| 942 | _cBK | ||
| 999 |
_c9198 _d9198 |
||